Observations on the Use of Augustine by Johannes Scottus Eriugena
| Main Author: | |
|---|---|
| Format: | Electronic Article |
| Language: | English |
| Check availability: | HBZ Gateway |
| Interlibrary Loan: | Interlibrary Loan for the Fachinformationsdienste (Specialized Information Services in Germany) |
| Published: |
1967
|
| In: |
Harvard theological review
Year: 1967, Volume: 60, Issue: 2, Pages: 213-220 |
| Online Access: |
Volltext (JSTOR) Volltext (lizenzpflichtig) Volltext (lizenzpflichtig) |
| Parallel Edition: | Non-electronic
|
MARC
| LEADER | 00000caa a22000002c 4500 | ||
|---|---|---|---|
| 001 | 1784645400 | ||
| 003 | DE-627 | ||
| 005 | 20250324042429.0 | ||
| 007 | cr uuu---uuuuu | ||
| 008 | 220105s1967 xx |||||o 00| ||eng c | ||
| 024 | 7 | |a 10.1017/S0017816000003527 |2 doi | |
| 035 | |a (DE-627)1784645400 | ||
| 035 | |a (DE-599)KXP1784645400 | ||
| 040 | |a DE-627 |b ger |c DE-627 |e rda | ||
| 041 | |a eng | ||
| 084 | |a 1 |2 ssgn | ||
| 100 | 1 | |8 1\p |e VerfasserIn |0 (DE-588)142768308 |0 (DE-627)640116639 |0 (DE-576)163203385 |4 aut |a Stock, Brian |d 1939- | |
| 109 | |a Stock, Brian 1939- | ||
| 245 | 1 | 0 | |a Observations on the Use of Augustine by Johannes Scottus Eriugena |
| 264 | 1 | |c 1967 | |
| 336 | |a Text |b txt |2 rdacontent | ||
| 337 | |a Computermedien |b c |2 rdamedia | ||
| 338 | |a Online-Ressource |b cr |2 rdacarrier | ||
| 601 | |a Augustiner | ||
| 773 | 0 | 8 | |i Enthalten in |t Harvard theological review |d Cambridge : Cambridge Univ. Press, 1908 |g 60(1967), 2, Seite 213-220 |h Online-Ressource |w (DE-627)331504553 |w (DE-600)2051494-3 |w (DE-576)094533326 |x 1475-4517 |7 nnas |
| 773 | 1 | 8 | |g volume:60 |g year:1967 |g number:2 |g pages:213-220 |
| 776 | |i Erscheint auch als |n Druckausgabe |w (DE-627)182742642X |k Non-Electronic | ||
| 856 | |3 Volltext |u http://www.jstor.org/stable/1509147 |x JSTOR | ||
| 856 | 4 | 0 | |u https://doi.org/10.1017/S0017816000003527 |x Resolving-System |z lizenzpflichtig |3 Volltext |7 1 |
| 856 | 4 | 0 | |u https://www.cambridge.org/core/journals/harvard-theological-review/article/observations-on-the-use-of-augustine-by-johannes-scottus-eriugena/80E52F31E9331C31EE54454FF8A98F4D |x Verlag |z lizenzpflichtig |3 Volltext |7 1 |
| 883 | |8 1\p |a cgwrk |d 20250301 |q DE-101 |u https://d-nb.info/provenance/plan#cgwrk | ||
| 935 | |a mteo | ||
| 951 | |a AR | ||
| ELC | |a 1 | ||
| ITA | |a 1 |t 1 | ||
| LOK | |0 000 xxxxxcx a22 zn 4500 | ||
| LOK | |0 001 4029949746 | ||
| LOK | |0 003 DE-627 | ||
| LOK | |0 004 1784645400 | ||
| LOK | |0 005 20220105043139 | ||
| LOK | |0 008 220105||||||||||||||||ger||||||| | ||
| LOK | |0 035 |a (DE-Tue135)IxTheo#2021-12-28#5DF9C450B3D0369D4F0E71516CB51B0DF5EB4288 | ||
| LOK | |0 040 |a DE-Tue135 |c DE-627 |d DE-Tue135 | ||
| LOK | |0 092 |o n | ||
| LOK | |0 852 |a DE-Tue135 | ||
| LOK | |0 852 1 |9 00 | ||
| LOK | |0 866 |x JSTOR#http://www.jstor.org/stable/1509147 | ||
| LOK | |0 935 |a ixzs |a ixrk |a zota | ||
| LOK | |0 939 |a 05-01-22 |b l01 | ||
| ORI | |a SA-MARC-ixtheoa001.raw | ||